000 01013nam a2200289 a 4500
001 24997
003 CO-ViMGA
008 141112s2004 ck r 000 u spa d
020 _a9789583039430
040 _aCO-ViMGA
_bspa
_cCO-ViMGA
041 _aSPA
082 0 4 _a567.9158 B13t
100 1 _aBailey, Gerry
_937894
245 1 0 _aTriceratops /
_cGerry Bailey ; ilustración Kren Carr ; tradución Cristina Ramos
250 _a1a ed.
260 _aBogotá :
_bPanAméricana,
_c2012
300 _a32 p. : il. col. : il.
490 _aZona - prehistórica del Smithsonian
650 1 4 _aANIMALES EXTINTOS - HABITOS Y CONDUCTA - ENSEÑANZA ELEMENTAL
_937895
650 1 4 _aDESDE LOS 6 AÑOS
_92351
650 1 4 _aDINOSAURIOS - CLASIFICACION
_937896
650 1 4 _aDINOSAURIOS - HABITOS Y CONDUCTA - ENSEÑANZA ELEMENTAL
_937897
650 1 4 _aREPTILES FOSILES - HABITOS Y CONDUCTA - ENSEÑANZA ELEMENTAL
_937898
700 1 _aCarr, Karen
_937899
700 1 _aRamos Solis, Cristina
_937900
942 _2ddc
_cBK
999 _c2469
_d2469